Circles on the water : selected poems of Marge Piercy.

Bibliographic Details
Main Author: Piercy, Marge
Format: Book
Language:English
Published: New York : Knopf, 1982.
Edition:1st ed.

MARC

Tag First Indicator Second Indicator Subfields
LEADER 00000pam a2200000 a 4500
001 in00000090214
005 20151008065632.0
008 811005s1982 nyu 00010 eng
010 |a  81017210  
020 |a 0394520599 :  |c $15.00 (est.) 
020 |a 0394707796 (pbk.) :  |c $8.95 (est.) 
035 |a (OCoLC)07924408 
035 |9 AAK6301AM 
040 |a DLC  |c DLC  |d TXA  |d UtOrBLW 
049 |a TXAM [Also in] [Wein]  |c 1 [985767], 2 [A09546880] 
050 0 0 |a PS3566.I4  |b A6 1982 
082 0 |a 811/.54  |2 19 
100 1 |a Piercy, Marge. 
245 1 0 |a Circles on the water :  |b selected poems of Marge Piercy. 
250 |a 1st ed. 
264 1 |a New York :  |b Knopf,  |c 1982. 
300 |a xv, 299 pages ;  |c 23 cm. 
336 |a text  |b txt  |2 rdacontent 
337 |a unmediated  |b n  |2 rdamedia 
338 |a volume  |b nc  |2 rdacarrier 
536 |a Poetry browsing collection: gift of Eleanor Weinbaum family. 
999 |a MARS 
999 f f |s abca1e61-9c91-3c33-88fa-8bbcd30d174c  |i 483b5006-c9c9-3b5d-975a-b13c277edd18  |t 0 
952 f f |p ric  |a Texas A&M University  |b Rellis Campus  |c Joint Library Facility  |d Remote Storage  |t 0  |e PS3566.I4 A6 1982  |h Library of Congress classification  |i unmediated -- volume  |m A14809546880 
998 f f |a PS3566.I4 A6 1982  |t 0  |l Remote Storage